Phương pháp dạy học vật lý ở trườmg phổ thông
Nội dung sách trình bày về con đường hình thành những kiến thức vật lý cơ bản, giáo dục tư tưởng tổng hợp trong dạy học vật lý, thí nghiệm trong dạy học vật lý.
محفوظ في:
| المؤلف الرئيسي: | |
|---|---|
| التنسيق: | كتاب |
| اللغة: | Undetermined |
| منشور في: |
Hà Nội
Đại học Sư phạm
2002
|
| الموضوعات: | |
| الوسوم: |
إضافة وسم
لا توجد وسوم, كن أول من يضع وسما على هذه التسجيلة!
|
| Thư viện lưu trữ: | Trung tâm Học liệu Trường Đại học Cần Thơ |
|---|
| LEADER | 01207nam a2200241Ia 4500 | ||
|---|---|---|---|
| 001 | CTU_55624 | ||
| 008 | 210402s9999 xx 000 0 und d | ||
| 020 | |b 49000 | ||
| 082 | |a 530.071 | ||
| 082 | |b Th120 | ||
| 100 | |a Nguyễn, Đức Thâm | ||
| 245 | 0 | |a Phương pháp dạy học vật lý ở trườmg phổ thông | |
| 245 | 0 | |c Chủ biên: Nguyễn Đức Thâm; Nguyễn Ngọc Hưng, Phạm Xuân Quế | |
| 260 | |a Hà Nội | ||
| 260 | |b Đại học Sư phạm | ||
| 260 | |c 2002 | ||
| 520 | |a Nội dung sách trình bày về con đường hình thành những kiến thức vật lý cơ bản, giáo dục tư tưởng tổng hợp trong dạy học vật lý, thí nghiệm trong dạy học vật lý. | ||
| 526 | |a Tập giảng Vật lý,Phương pháp giảng dạy bài tập vật lý phổ thông,Phương pháp dạy học vật lý | ||
| 526 | |b SG167,SP361,SG162 | ||
| 650 | |a Physics,Vật lý | ||
| 650 | |x Study and teaching ( secondary ),Học và dạy (Trung học) | ||
| 904 | |i Dương, Hằng | ||
| 980 | |a Trung tâm Học liệu Trường Đại học Cần Thơ | ||